000 00733nam a2200205 i 4500
001 bg
100 1 _aMIZERA, Jan
245 0 _aMechanizm rozmiękania tworzyw gipsowych pod wpływem wody oraz działania dodatku polimerów na przebieg tego procesu /
_cJan Mizera.
260 _aOpole :
_bWSI,
_c1992.
300 _a70 s. :
_bfot., wykr. ;
_c24 cm.
490 1 _aStudia i Monografie / Wyższa Szkoła Inżynierska w Opolu,
_x0239-5991 ;
_vz. 56
504 _aBibliogr. s. 63-66.
710 _aWYŻSZA SZKOŁA INŻYNIERSKA (Opole)
830 0 _aStudia i Monografie (Wyższa Szkoła Inżynierska w Opolu) ;
_vz. 56
040 _cBPK
041 _apol
080 _a691
942 _cKS
008 s pl f |000 0 pol
999 _c30023
_d30023
856 _uhttp://koha.tu.koszalin.pl/cgi-bin/koha/opac-detail.pl?biblionumber=30023
_yKatalog online BPK